Filmographie de Bong Joon-ho - Statistiques

Statistiques générales
  • Ce quiz a été pris 48 fois
  • Le résultat moyen est 6 sur 7
Statistiques - réponses
Sortie Titre français du film % Correct
2019 Parasite
100%
2003 Memories of Murder
90%
2013 Snowpiercer, le Transperceneige
88%
2017 Okja
86%
2009 Mother
83%
2006 The Host
79%
2000 Barking Dog
64%
Aucun quiz correspondant
Distribution des résultats
% des personnes avec chaque résultat
Percentile par nombre de réponses
Votre historique - résultats
Vous n’avez pas pris ce quiz